Confieso que he vivido: memorias

Salvato in:
Dettagli Bibliografici
Autore principale: Neruda, Pablo (autor)
Natura: Libro
Pubblicazione: Santiago, Chile: Pehuén, 2007.
Edizione:Segunda edición
Serie:Pehuén Poesía
Soggetti:
Tags: Aggiungi Tag
Nessun Tag, puoi essere il primo ad aggiungerne!!

MARC

LEADER 00000cam a2200000 a 4500
001 UCG9637
003 CL-VaPUC
005 20250416120902.0
008 221212t2007 ||||| |||| 00| 0 eng d
999 |c 439614  |d 439612 
020 |a 978-956-16-0396-7 
040 |c Pontificia Universidad Católica de Valparaíso 
082 0 4 |a Ch860.92 NER 2007  |2 21 
100 |a Neruda, Pablo  |e autor  |9 306531 
245 1 0 |a Confieso que he vivido: memorias 
250 |a Segunda edición 
260 |a Santiago, Chile:  |b Pehuén,  |c 2007. 
300 |a 472 páginas. 
490 0 |a Pehuén Poesía  |n  7. 
500 |a c.1. Donación Profesor Bruno Cuneo. Memo ART 11/2022 
583 |a last modification  |c 20120323 11:52:00  |k Catalogador Asistente 
650 0 |a Autobiografías   |9 265171 
650 0 |a Escritores chilenos   |9 420370 
650 0 |a Vida y obra  |9 311871 
650 0 |a Literatura chilena   |9 308278 
942 |c BK  |2 ddc 
952 |0 0  |1 0  |2 ddc  |4 0  |6 CH_860_920000000000000_NER_2007  |7 0  |8 A  |9 588208  |a BIBART  |b BIBART  |d 2022-12-12  |e Donación  |i 5656018  |o Ch860.92 NER 2007  |p 5656018  |r 2025-03-13  |t 1  |w 2022-12-12  |y BK  |k ART